Generációk marketingkommunikációs eszköz használata - Bízhatunk bennük vagy visszaélnek a helyzettel?!

Bibliográfiai részletek
Szerző: Kovács Edit
További közreműködők: Zsigmond Száva
Dokumentumtípus: Diplomadolgozat
Kulcsszavak:marketingkommunikációs eszközök
Generációk
GDPR
Online Access:http://dolgozattar.uni-bge.hu/17345

MARC

LEADER 00000nta a2200000 i 4500
001 dolg17345
005 20180517082755.0
008 180517suuuu hu om 000 hun d
040 |a BGE Dolgozattár Repozitórium  |b hun 
041 |a hu 
100 1 |a Kovács Edit 
245 1 0 |a Generációk marketingkommunikációs eszköz használata - Bízhatunk bennük vagy visszaélnek a helyzettel?!  |c Kovács Edit  |h [elektronikus dokumentum] 
246 1 1 |a Generációk marketingkommunikációs eszköz használata - Bízhatunk bennük vagy visszaélnek a helyzettel?! 
520 3
695 |a marketingkommunikációs eszközök 
695 |a Generációk 
695 |a GDPR 
700 1 |a Zsigmond Száva  |e ths 
856 4 0 |u http://dolgozattar.uni-bge.hu/17345/1/Gener%C3%A1ci%C3%B3k%20marketingkommunik%C3%A1ci%C3%B3s%20eszk%C3%B6z%20haszn%C3%A1lata.pdf  |z Dokumentum-elérés 
856 4 0 |u http://dolgozattar.uni-bge.hu/17345/2/Nyilatkozat%20saj%C3%A1t%20munk%C3%A1r%C3%B3l_Kov%C3%A1cs%20Edit.pdf  |z Dokumentum-elérés